000 00180nam a2200073Ia 4500
008 180219s9999 xx 000 0 und d
100 _aBhatia K K
245 0 _aFoundation Of Education
260 _aNew Delhi Kalyani
999 _c41322
_d41322